Enciclopedia española de derecho y administración (Record no. 99057)
[ view plain ]
| 000 -LEADER | |
|---|---|
| campo de control de longitud fija | 01012nam a2200241 i 4500 |
| 001 - NÚMERO DE CONTROL | |
| campo de control | 99057 |
| 003 - IDENTIFICADOR DE NÚMERO DE CONTROL | |
| campo de control | ES-MaACL |
| 005 - FECHA Y HORA DE LA ÚLTIMA TRANSACCIÓN | |
| campo de control | 20230906182429.0 |
| 007 - CAMPO FIJO DE DESCRIPCIÓN FÍSICA--INFORMACIÓN GENERAL | |
| campo de control de longitud fija | t| |
| 008 - DATOS DE LONGITUD FIJA--INFORMACIÓN GENERAL | |
| campo de control de longitud fija | 931025m18481872sp e |||| | spa d |
| 245 00 - MENCIÓN DEL TÍTULO | |
| Título | Enciclopedia española de derecho y administración |
| Resto del título | o Nuevo teatro universal de la legislación de España e Indias / |
| Mención de responsabilidad, etc. | por Lorenzo Arrazola, Pedro Sainz Andino, Miguel Puche y Bautista ... [et al.]. |
| 246 3# - FORMA VARIANTE DEL TITULO | |
| Título propio/Titulo breve | Nuevo teatro universal de la legislación de España e Indias |
| 260 ## - PUBLICACIÓN, DISTRIBUCIÓN, ETC. | |
| Lugar de publicación, distribución, etc. | Madrid : |
| Nombre del editor, distribuidor, etc. | [s.n.], |
| Fecha de publicación, distribución, etc. | 1848-1872 ( |
| Fabricante | Tip. General de Antonio Rius y Rossell) |
| 300 ## - DESCRIPCIÓN FÍSICA | |
| Extensión | 13 v. ; |
| Dimensiones | 27 cm. |
| 650 #4 - PUNTO DE ACCESO ADICIONAL DE MATERIA--TÉRMINO DE MATERIA | |
| Término de materia o nombre geográfico como elemento de entrada | Derecho- |
| Subdivisión geográfica | España- |
| Subdivisión de forma | Enciclopedias. |
| 9 (RLIN) | 11613 |
| 651 #4 - PUNTO DE ACCESO ADICIONAL DE MATERIA--NOMBRE GEOGRÁFICO | |
| Nombre geográfico | España- |
| Subdivisión general | Administración- |
| Subdivisión cronológica | S.XIX. |
| 9 (RLIN) | 138846 |
| 651 ## - PUNTO DE ACCESO ADICIONAL DE MATERIA--NOMBRE GEOGRÁFICO | |
| Nombre geográfico | América española- |
| Subdivisión general | Administración. |
| 9 (RLIN) | 168386 |
| 700 1# - ENTRADA AGREGADA--NOMBRE PERSONAL | |
| Nombre de persona | Arrazola, Lorenzo, |
| Fechas asociadas al nombre | 1795-1873 |
| 9 (RLIN) | 23230 |
| 700 1# - ENTRADA AGREGADA--NOMBRE PERSONAL | |
| Nombre de persona | Sainz de Andino, Pedro. |
| 9 (RLIN) | 101579 |
| 700 1# - ENTRADA AGREGADA--NOMBRE PERSONAL | |
| Nombre de persona | Puche y Bautista, Miguel. |
| 9 (RLIN) | 161180 |
| 852 ## - LOCALIZACIÓN | |
| Ubicación | ES-MaACL |
| Número de control de estantería | G-4246-58 |
| Estatus retirado | Estado de pérdida | Estado de daño | No para préstamo | Colección | Biblioteca de origen | Biblioteca actual | Ubicación en estantería | Fecha de adquisición | Fuente de adquisición | Total de préstamos | Signatura topográfica completa | Código de barras | Visto por última vez | Precio de reemplazo | Tipo de ítem Koha |
|---|---|---|---|---|---|---|---|---|---|---|---|---|---|---|---|
| Colección de referencia | Biblioteca del Ateneo de Madrid | Biblioteca del Ateneo de Madrid | Depósito 2 | 17/01/2008 | G-4246-58 | 1103418 | 23/02/2023 | 23/02/2023 | Libro impreso antiguo |
